Podium du Rallye du Beaufortain - Statistiques

Statistiques générales
  • Ce quiz a été pris 8 fois
    3 depuis la dernière actualisation
  • Le résultat moyen est 12 sur 27
Statistiques - réponses
Vainqueur % Correct
Come Ledogar
100%
Gilles Nantet
100%
Michel Giraldo
100%
Nicolas Joram
100%
Patrice Bonnefond
100%
Yves Pezzutti
100%
Anthony Puppo
50%
Cédric Robert
50%
Hugo Bonfils
50%
Jean-Claude Mouchet
50%
Jean-Marc Minoret
50%
Jean-Pierre Bochatay
50%
Joel Arnaud
50%
Pascal Damevin
50%
Philippe Brun
50%
Sergio Pinto
50%
Sylvain Michel
50%
Yannick Desbiolles
50%
David Duc
0%
David Mollas
0%
Emeric Rey
0%
Fabrice Buisson
0%
Jérémi Ancian
0%
Kévin Duc
0%
Lionel Cardon
0%
Ludovic Gal
0%
Sébastien Lovato
0%
Aucun quiz correspondant
Distribution des résultats
% des personnes avec chaque résultat
Percentile par nombre de réponses
Votre historique - résultats
Vous n’avez pas pris ce quiz depuis la dernière actualisation